Star Wars Rebels Characters by Appearance - Statistics

General Stats
  • This quiz has been taken 440 times
  • The average score is 24 of 70
Answer Stats
Appearances Character % Correct
66 Ezra Bridger
95%
64 Hera Syndulla
91%
59 Kanan Jarrus
91%
61 Sabine Wren
91%
66 C1-10P 'Chopper'
89%
11 Ahsoka Tano
88%
62 Garazeb Orrelios
88%
6 Darth Vader
84%
4 Maul
79%
25 Captain Rex
76%
15 Grand Admiral Thrawn
70%
28 Alexsandr Kallus
67%
8 Grand Inquisitor
67%
3 Emperor Sheev Palpatine
60%
4 Commander Wolffe
57%
4 Gregor
56%
6 Fifth Brother
55%
5 Seventh Sister
54%
6 Wilhuff Tarkin
54%
6 Hondo Ohnaka
53%
13 Arihnda Pryce
49%
2 R2-D2
49%
6 Mon Mothma
48%
6 Bail Organa
46%
2 Lando Calrissian
39%
19 Commander Jun Sato
36%
14 Ryder Azadi
36%
2 Saw Gerrera
35%
3 Ursa Wren
34%
2 Cham Syndulla
31%
3 Tristan Wren
31%
2 Gar Saxon
30%
5 Wedge Antilles
28%
5 Bendu
27%
8 Cikatro Vizago
27%
6 Rukh
27%
11 AP-5
22%
4 Jan Dodonna
22%
17 Kassius Konstantine
22%
6 Fenn Rau
21%
9 Jai Kell
20%
6 Maketh Tua
19%
3 Azmorigan
17%
4 Ketsu Onyo
16%
6 Mart Mattin
16%
4 Brom Titus
14%
4 Myles Grint
14%
5 Yogar Lyste
14%
4 Melch
13%
3 Morad Sumar
13%
2 Gall Trayvis
12%
5 Jho
12%
4 Marida Sumar
12%
4 Cumberlayne Aresko
11%
2 Numa
11%
2 Tseebo
11%
3 Valen Rudor
10%
2 Zare Leonis
10%
3 Derek 'Hobbie' Klivian
8%
2 Gobi Glie
8%
4 Vult Skerris
8%
11 Tsoklo
6%
3 Captain Slavin
5%
2 Veris Hydan
4%
3 Alton Kastle
3%
2 Captain Brunson
3%
2 Chava
3%
3 Commander Woldar
3%
4 Erskin Semaj
3%
2 Gron
3%
No matching quizzes found
Score Distribution
Percent of People with Each Score
Percentile by Number Answered
Your Score History
You have not taken this quiz